Integral geometry : AMS-IMS-SIAM Summer Research Conference on Integral Geometry AUGUST 12-18, 1984, Bowdoin College, Brunswick, Maine

Αποθηκεύτηκε σε:
Λεπτομέρειες βιβλιογραφικής εγγραφής
Συλλογικό Έργο: AMS-IMS-SIAM Joint Summer Research Conference in the Mathematical Sciences on Integral Geometry Bowdoin College, American Mathematical Society, Institute of Mathematical Statistics, Society for Industrial and Applied Mathematics
Άλλοι συγγραφείς: Bryant, Robert L. (Επιμελητής έκδοσης)
Μορφή: Πρακτικό Συνεδρίου Βιβλίο
Γλώσσα:English
Δημοσίευση: Providence, R.I. : American Mathematical Society, c1987.
Σειρά:Contemporary mathematics (American Mathematical Society) ; 63
Θέματα:
Ετικέτες: Προσθήκη ετικέτας
Δεν υπάρχουν, Καταχωρήστε ετικέτα πρώτοι!

MARC

LEADER 00000cam a2200000 i 4500
001 1/104427
008 000310s1987 riu| ||| |||| ||eng||
020 |a 0821850717 
035 |l 10058834 
040 |a GR-MyUA  |b gre  |e AACR2 
041 0 |a eng 
082 7 |a 516.362   |2 (22) 
111 2 |a AMS-IMS-SIAM Joint Summer Research Conference in the Mathematical Sciences on Integral Geometry   |d (1984 :   |c Bowdoin College) 
245 1 0 |a Integral geometry :   |b AMS-IMS-SIAM Summer Research Conference on Integral Geometry AUGUST 12-18, 1984, Bowdoin College, Brunswick, Maine /   |c Robert L. Bryant...[et al.], editors.  
260 |a Providence, R.I. :   |b American Mathematical Society,   |c c1987.  
300 |a ix, 350 σ. :   |b εικ. ;   |c 26 εκ.  
490 1 |a (Contemporary mathematics / American Mathematical Society ;   |v 63) 
504 |a Περιέχει βιβλιογραφικές αναφορές.  
650 0 |a Integral geometry  |x Congresses. 
700 1 |a Bryant, Robert L.  |e edt 
710 2 |a American Mathematical Society. 
710 2 |a Institute of Mathematical Statistics. 
710 2 |a Society for Industrial and Applied Mathematics. 
830 0 |a Contemporary mathematics (American Mathematical Society) ;  |v 63 
852 |a INST  |b SAMOS  |e 20000310  |h 516.362 AMS  |p 005300018058  |q 005300018058  |t BK  |y 0 
901 |a BIBL3-2000-1 
922 |a 3ΕΛΗ  |b 199911  |c ΕΠΕΑΕΚ/ΜΑΘ  |d ΠΑΠΑΣΩΤΗΡΙΟΥ 
970 |a ΚΟΣΙΕΡΗΣ  |b ΧΡΗΣΤΟΣ  |z 2000/03/10